| 000 | 01381nam a2200337 a 4500 | ||
|---|---|---|---|
| 001 | ebr10683265 | ||
| 003 | CaPaEBR | ||
| 006 | m o u | ||
| 007 | cr cn||||||||| | ||
| 008 | 111121s2011 gw a sb 001 0 eng d | ||
| 010 | _z 2011293560 | ||
| 020 | _z3527408940 | ||
| 020 | _z9783527408948 | ||
| 020 | _z9783527638178 (e-book) | ||
| 040 |
_aCaPaEBR _cCaPaEBR |
||
| 035 | _a(OCoLC)739118525 | ||
| 050 | 1 | 4 |
_aQC611.8.L68 _bG86 2011eb |
| 082 | 0 | 4 |
_a530.41 _223 |
| 100 | 1 |
_aGumbs, Godfrey, _d1948- |
|
| 245 | 1 | 0 |
_aProperties of interacting low-dimensional systems _h[electronic resource] / _cGodfrey Gumbs and Danhong Huang. |
| 260 |
_aWeinheim : _bWiley-VCH, _cc2011. |
||
| 300 |
_axii, 379 p. : _bill. (some col.) |
||
| 504 | _aIncludes bibliographical references and index. | ||
| 505 | 0 | _apt. 1. Linear response of low dimensional quantum systems -- pt. 2. Nonlinear response of low dimensional quantum systems. | |
| 533 |
_aElectronic reproduction. _bPalo Alto, Calif. : _cebrary, _d2015. _nAvailable via World Wide Web. _nAccess may be limited to ebrary affiliated libraries. |
||
| 650 | 0 | _aLow-dimensional semiconductors. | |
| 655 | 7 |
_aElectronic books. _2local |
|
| 700 | 1 | _aHuang, Danhong. | |
| 710 | 2 | _aebrary, Inc. | |
| 856 | 4 | 0 |
_uhttp://site.ebrary.com/lib/rucke/Doc?id=10683265 _zAn electronic book accessible through the World Wide Web; click to view |
| 999 |
_c32489 _d32489 |
||